BIBLIOTHÈQUE DE LA MAISON DU MEXIQUE

Logo 1 Logo 2

Homenaje a Don Francisco Gamoneda (notice nᵒ 3610)

détails MARC
000 -Sello discográfico
campo de control de longitud fija 00713nam a2200241 4500
005 - Identificación de versión
campo de control 20251016083634.0
035 ## - Otros números de control del sistema
Número de control del sistema 13629
099 ## - fechas locales
Tipo de ítem Koha LIBRO
100 ## - Datos de procesamiento general
Datos de procesamiento general 19980618d1946 m y1spay5003 ba
105 ## - Campo de datos codificados: Material textual, monográfico
Datos codificados de monografía a 001zy
200 1# - Título y mención de responsabilidad
Título propio Homenaje a Don Francisco Gamoneda
Designación general del material texto impreso
Otra información del título miscelánea de estudios de erudición, historia, literatura y arte
210 ## - Publicación, distribución, etc.
Lugar de publicación, distribución, etc. México
Nombre del editor, distribuidor, etc. Imprenta Universitaria
Fecha de publicación, distribución, etc. 1946
215 ## - Descripción física
Designación de material específico y extensión del ítem 581 p
Otras características físicas il., fot.
Dimensiones 24 cm
345 ## - Nota de información de adquisición
Fuente de adquisición/dirección de la suscripción [OBSOLETO] Donación
600 ## - Nombre personal usado como materia
Elemento de entrada Gamoneda
Parte del nombre distinta del elemento de entrada Francisco
Fechas 1873-1953
Número Koha 7260
660 ## - Código de área geográfica
Código MX
801 #0 - Fuente de origen
Agencia cm
900 ## -
-- 1/17522
900 ## -
-- 710989126\\180698
942 ## - ELEMENTOS DE ENTRADA SECUNDARIOS (KOHA)
Tipo de ítem Koha Livre
996 ## -
-- MEX
-- 751145101
-- MMAG
-- 010025
-- 920 G194H
-- 20240402LIV
Exemplaires
Estatus retirado Estado de daño Estado de pérdida Fecha de adquisición Biblioteca de origen Biblioteca actual Ubicación en estantería Código de barras Precio de reemplazo Signatura topográfica completa No para préstamo Tipo de ítem Koha Nota pública Nota no pública
      05/08/2025 Casa México Paris Casa México Paris   010025 05/08/2025 920 G194H   Livre 20240402LIV 751145101